| 000 | 00746nam a2200205 i 4500 | ||
|---|---|---|---|
| 001 | 35889 | ||
| 003 | ES-MaACL | ||
| 005 | 20230906155234.0 | ||
| 007 | t| | ||
| 008 | 030214m18801883sp ||||1| spa d | ||
| 100 | 0 |
_aBrehm, Alfred Edmund. _931560 |
|
| 245 | 1 | 3 |
_aLa vida de los animales / _cA. E. Brehm ; traducción por Carlos Fernández de Castroverde. |
| 250 | _a1ª ed. | ||
| 260 |
_aBarcelona : _bA. Riudor y Cª, _c1880-83 ( _fJaime Jepús) |
||
| 300 |
_a6 v. : _bil. ; _c33 cm. |
||
| 505 | 8 | _aContiene: T. I-II: Mamíferos. -- T. III-IV: Aves. -- T. V: Reptiles, anfibios y peces. -- T. VI: Invertebrados | |
| 650 | 0 | 4 |
_aEcología animal. _912001 |
| 700 | 1 |
_aFernández de Castroverde, Carlos. _949647 |
|
| 852 |
_aES-MaACL _jB-12001-06 |
||
| 999 |
_c35889 _d35889 |
||